Tennisti con più partite vinte sulla Terra battuta - Statistics

Statistiche generali
  • Questo quiz è stato fatto 7 volte
  • Il punteggio medio è 3 su 9
Statistiche sulle risposte
Nazione Numero vittorie sulla terra battuta Tennista % Corretto
Spagna 474 Rafael Nadal
100%
Spagna 335 David Ferrer
86%
Spagna 337 Carlos Moyá
57%
Romania 429 Ilie Năstase
43%
Argentina 681 Guillermo Vilas
29%
Austria 426 Thomas Muster
29%
Stati Uniti 386 Eddie Dibbs
0%
Spagna 392 José Higueras
0%
Spagna 569 Manuel Orantes
0%
Nessun quiz corrispondente trovato
Distribuzione punteggi
Percentuale di utenti per punteggio
Percentile per numero di risposta
I tuoi punteggi nel tempo
Non hai fatto questo quiz